000 00472nam a2200205Ia 4500
003 0100
008 130303s9999 xx 000 0 und d
020 _a9280311980
040 _cARRUPELIB
050 _aLB3418.A35 K29
100 _aKelly, Michael J
245 _aPlanning for education in the context of HIV/AIDS
260 _aParis
260 _bUNESCO
260 _C2000
300 _a108p.
300 _b 23 cm.
650 _bHadewijch
942 _2lcc
_02
999 _c59617
_d59617